00566cam a22002052i 4500001001300000003000700013005001700020008004100037020003800078040001800116042000900134084001900143086001100162245007500173250001100248260003500259300001800294650002400312650002400336CIP113000864YEEZEN20241226145806.0240115s2024 ch e 000 0 chi d a9786263900356q(平裝) :cNT$400 aCIPbchicCIP anbic a412.212ncsclt a412.2110a醫療機構不得不知的法律風險 /c可道律師事務所編著 a初版 a臺北市 :b商周, c2024.02 a面 ;c公分 72lcstta醫事法規 72lcstta醫療機構